000 00636nam a2200205Ia 4500
005 20230110110830.0
008 131103s9999 xx 000 0 und d
040 _aLoreto College
041 _aEnglish
082 _a821.4
_bDRY- SCH
245 _aDryden
_b a collections of critical essays
_cedited by Bernard N.Schilling
260 _aEnglewood Cliffs
_bPrentice - Hall
_c1963
300 _av,186 p.
504 _aIncludes notes,chronology and bibliographical references
650 _aEnglish Poetry
651 _a17th century poet - Dryden - Criticism
700 _aSchilling,Bernard N.,ed.
850 _aLCLIB
942 _cBK
999 _c5898
_d56377